000 01148nam#a2200349#a#4500
001 old017549
003 AR-MoUNM
005 20260414063422.0
008 070307t1985||||ag |0||0||spa d
020 _a950250352X
040 _aFLACSO Argentina
_dAR-MoUNM
041 _aspa
043 _cAR
082 0 _220
_a363.5
_bRATI 236
100 1 _aRatier, Hugo.
_912767
245 1 0 _aVilleros y villas miseria /
_cHugo Ratier.
260 _aBuenos Aires :
_bCentro Editor de América Latina,
_c1985.
300 _a101 p. ;
_c19 cm.
490 0 _a(Universidad abierta ;
_v2)
650 7 _aDESIGUALDAD SOCIAL
_2unescot
_91183
650 _2unescot
_aEXCLUSION SOCIAL
_9907
650 7 _aASENTAMIENTO HUMANO
_2unescot
_96575
650 7 _2unescot
_aPROBLEMA SOCIAL
_9906
650 7 _2unescot
_aNECESIDAD DE VIVIENDA
_91237
650 7 _2unescot
_aCONDICIONES DE VIDA
_9996
650 7 _aMEDIO URBANO
_2unescot
_91221
650 7 _2unescot
_aPERSONA DESPLAZADA
_912779
650 7 _aPOBREZA
_2unescot
_9358
690 _aSOCIOLOGIA Y CIENCIA POLITICA
651 7 _aBUENOS AIRES (ARGENTINA : PROVINCIA)
_2Library of Congress
_97450
942 _cLIBRO
999 _c8697
_d8698